000 00328nam a22001457a 4500
008 210312b ||||| |||| 00| 0 eng d
020 _a9780199564354
041 _aeng
080 _22nd
_a616.073
082 _a616.073
100 _a6
101 _aGJEN
245 _aIntroduction to Genomics
_cLesk, A. M
942 _2udc
_cBK
999 _c56585
_d56585